Una tarjeta para no tornarse los dedos.

Podpora mexických vývozcov na zahraničných trhoch zo strany Mexickej banky pre zahraničný obchod Bancomext. Finančné nástroje Bancomextu na podporu mexického vývozu - nová karta "Exporta" a jej výhody pre vývozcov. Úvery na podporu vývozu.

Gespeichert in:
Bibliographische Detailangaben
Format: Buchkapitel
Sprache:Spanisch
Schlagworte:
Tags: Tag hinzufügen
Keine Tags, Fügen Sie das erste Tag hinzu!

MARC

LEADER 00000naa a2200000 4500
001 r012642
005 20221208122406.5
041 0 |a spa 
044 |a MX 
245 1 0 |a Una tarjeta para no tornarse los dedos. 
520 |a Podpora mexických vývozcov na zahraničných trhoch zo strany Mexickej banky pre zahraničný obchod Bancomext. Finančné nástroje Bancomextu na podporu mexického vývozu - nová karta "Exporta" a jej výhody pre vývozcov. Úvery na podporu vývozu. 
610 2 0 |a vývoz 
610 2 0 |a Mexiko 
610 2 0 |a bankovníctvo 
610 2 0 |a nástroje finančné 
610 2 0 |a úver 
610 2 0 |a stimulovanie 
610 2 0 |a Bankomext